• 首页
  • 本馆介绍
  • 公告通知
  • 最新文献
  • 馆藏检索
  • 电子资源
  • 读者导购
  • 参考咨询
  • 我的图书馆
  • 登录
  • 详细信息显示
  • 放入我的书架
  • 预约/预借图书
  • 作者相关作品
  • 分类相关作品
  • 丛书相关作品
  • 出版社相关作品

书目信息

  • 表格格式
  • 工作单格式
  • 卡片格式
题名:
合同法
    
 
作者: Rohwer , 王利明 , Schaber 著
分册:  
出版信息: 北京   北京大学出版社  2000
页数: 314页
开本: 20cm
丛书名:
单 册:
中图分类: H319.4 , D923.6
科图分类:
主题词: 合同法--研究--美国--英文 , 法律--中国--读物--合同法--美国
电子资源:
ISBN: 7-301-03388-5
000 00827oam2 2200277 45
001 020000020945
005 20070815103434.76
010    @a7-301-03388-5@dCNY16.00
100    @a20041014e2000 ekmy0chiy0120 ea
101 0  @aeng@gchi
102    @aCN@b110000
105    @ay z 001yy
200 1  @a合同法@Ahe tong fa@f王利明等主编@Fwang li ming deng zhu bian
210    @a北京@c北京大学出版社@d2000@h2002
215    @a314页@d20cm
300    @a附:合同法自考试大纲
300    @a全国高等教育自学考试指定教材 法律专业(本科)
606 0  @a合同法@x研究@y美国@x英文
606 0  @a法律@x中国@x读物@x合同法@y美国
690    @aH319.4@v4
690    @aD923.6@v3
701  0 @aRohwer@4著
701  0 @a王利明@Awang li ming@4主编
701  0 @aSchaber@4著
801  0 @aCN@bCXYBOOK@c20070815
905    @f5@b352887-891@dD923.6@e840=2
    
    合同法/王利明等主编.-北京:北京大学出版社,2000(2002)
    314页;20cm
    附:合同法自考试大纲.-全国高等教育自学考试指定教材 法律专业(本科)
    
    ISBN 7-301-03388-5:CNY16.00
    
●
相关链接 在E读中查询图书 在五车中查询图书 在当当中查询图书 在豆瓣中查询图书


正题名:合同法     索取号:D923.6/840=2         预约/预借

序号 登录号 条形码 馆藏地/架位号 状态 备注
1 0769764   207697642   密集书库/ [索取号:D923.6/840=2] 在馆    
2 0770342   207703421   密集书库/ [索取号:D923.6/840=2] 在馆    
唐山师范学院图书馆 欢迎您!
大连网信软件有限公司© 版权所有